| 000 | 00000nam 2200000zi 4500 |
| 001 | 9.867636 |
| 003 | CaOODSP |
| 005 | 20240527135431 |
| 006 | m o d f |
| 007 | cr ||||||||||| |
| 008 | 190125t20192019qucb #ob f000 0 eng d |
| 020 | |a9780660294063 |
| 040 | |aCaOODSP|beng|erda|cCaOODSP |
| 043 | |an-cn-bc |
| 086 | 1 |aCW66-587/2019E-PDF |
| 245 | 00|aWidgeon Valley Wildlife Area management plan. |
| 264 | 1|aGatineau, Quebec : |bEnvironment and Climate Change Canada, |c2019. |
| 264 | 4|c©2019 |
| 300 | |a1 online resource (v, 43 pages) : |bmaps |
| 336 | |atext|btxt|2rdacontent |
| 337 | |acomputer|bc|2rdamedia |
| 338 | |aonline resource|bcr|2rdacarrier |
| 500 | |aTitle from cover. |
| 500 | |aIssued also in French under title: Réserve nationale de faune de la Vallée-Widgeon : plan de gestion. |
| 504 | |aIncludes bibliographical references (pages 30-31). |
| 650 | 0|aWildlife refuges|zBritish Columbia|xManagement. |
| 710 | 2 |aCanadian Wildlife Service. |
| 710 | 1 |aCanada. |bEnvironment and Climate Change Canada. |
| 775 | 08|tRéserve nationale de faune de la Vallée-Widgeon : |w(CaOODSP)9.867637 |
| 856 | 40|qPDF|s2.33 MB|uhttps://publications.gc.ca/collections/collection_2019/eccc/CW66-587-2019-eng.pdf |